Text-book of comparative law (Record no. 458)

MARC details
000 -LEADER
fixed length control field 00502cam a2200193ua 4500
008 - FIXED-LENGTH DATA ELEMENTS--GENERAL INFORMATION
fixed length control field 110407n ii |||gr||||Z||||||eng
040 ## - CATALOGING SOURCE
Transcribing agency MAIN
082 ## - DEWEY DECIMAL CLASSIFICATION NUMBER
Classification number 340.2
245 1# - TITLE STATEMENT
Title Text-book of comparative law
Statement of responsibility, etc. by M.P. Tandon
250 ## - EDITION STATEMENT
Edition statement 1st.
260 ## - PUBLICATION, DISTRIBUTION, ETC.
Place of publication, distribution, etc. Allahabad:
Name of publisher, distributor, etc. Allahabad law agency.
300 ## - PHYSICAL DESCRIPTION
Extent 219p:
Dimensions 20cm.
700 ## - ADDED ENTRY--PERSONAL NAME
Personal name Tandon, M.P. ,
Relator term
700 ## - ADDED ENTRY--PERSONAL NAME
Personal name Tandon, Rajesh.,
Relator term
942 ## - ADDED ENTRY ELEMENTS (KOHA)
Koha item type Books
653 ## - INDEX TERM--UNCONTROLLED
Uncontrolled term Political science
653 ## - INDEX TERM--UNCONTROLLED
Uncontrolled term Text book of comparative law
Holdings
Withdrawn status Lost status Damaged status Not for loan Home library Current library Shelving location Date acquired Total Checkouts Full call number Barcode Date last seen Copy number Price effective from Koha item type
        Naharkatiya College Library Naharkatiya College Library   19/09/2020   340.2 | TAN 1241 19/09/2020 1 19/09/2020 Books

Naharkatiya College © 2020. All rights reserved.

Powered By